Statystyki dla Nazwy pociągów PKP IC Na stacji Kołobrzeg

Kliknij tutaj aby rozwiązać quiz!

Ogólne statystyki

  • Ten quiz został rozwiązany 57 razy
  • Średni wynik to 5 z 16

Statystyki odpowiedzi

HintOdpowiedź% Poprawnych
ICMalczewski
62%
TLKUstronie
55%
ICZamoyski
48%
TLKPirat
45%
ICBosman
43%
ICPobrzeże
43%
ICParsęta
33%
ICKrakowianka
31%
ICZefir
29%
TLKLubomirski
26%
ICBursztyn
24%
ICSłupia
24%
ICSzkuner
24%
ICPrzemyślanin
21%
ICSzyndzielnia
21%
ICGwarek
17%

Rozkład punktacji

Percentyl według liczby udzielonych odpowiedzi

Procent ludzi z każdym wynikiem

Twoja historia wyników

Nie rozwiązałeś tego quizu